Privatization, Chinese style; economic reform and stateowned enterprises (Record no. 52846)

000 -LEADER
fixed length control field 01546pab a2200169 454500
008 - FIXED-LENGTH DATA ELEMENTS--GENERAL INFORMATION
fixed length control field 180718b2002 xxu||||| |||| 00| 0 eng d
100 ## - MAIN ENTRY--PERSONAL NAME
Personal name Morris, Jonathan
245 ## - TITLE STATEMENT
Title Privatization, Chinese style; economic reform and stateowned enterprises
260 ## - PUBLICATION, DISTRIBUTION, ETC.
Date of publication, distribution, etc. 2002
300 ## - PHYSICAL DESCRIPTION
Extent p.359-73.
520 ## - SUMMARY, ETC.
Summary, etc. This article reviews `corporatization' and `marketizatin', shorthands for privatizations, in the Chinese economy. In particular it concentrates upon the most recent round of state-owned enterprise reforms, the Modern Enterprise System and Group Company System, aimed at transorming China's largest state-owned enterprises into internationally competitive corporations. This represents a partial privatization, given that the state will retain majority ownership, while acquiring domestic and foreign capital via sharelistings and foreign and domestic joint ventures. Drawing upon interview material from a five-year study of state-owned enterprises, the authors will indicate that such part privatization has been pragmatic and relatively slow. It has been constrained and circumscribed by broader economic and social reform programmes and accompanied by political decentralization and reforms. Ultimately, the reform and pace of reform is shaped by the desire to avoid political and social unrest which could, potentially, threaten the harmony of the Chinese central state apparatus. - Reproduced.
650 ## - SUBJECT ADDED ENTRY--TOPICAL TERM
Topical term or geographic name entry element Economic reform
700 ## - ADDED ENTRY--PERSONAL NAME
Personal name Sheehan, Jackie
700 ## - ADDED ENTRY--PERSONAL NAME
Personal name Hassard, John
773 ## - HOST ITEM ENTRY
Main entry heading Public Administration
909 ## -
-- 52846
Holdings
Withdrawn status Lost status Damaged status Not for loan Permanent Location Current Location Date acquired Serial Enumeration / chronology Barcode Date last seen Price effective from Koha item type
        Indian Institute of Public Administration Indian Institute of Public Administration 2018-07-19 Volume no: 80, Issue no: 2 AR53276 2018-07-19 2018-07-19 Articles

Powered by Koha